[Event "Dubai The Arbor blitz op"]
[Site "Dubai"]
[Date "2019.04.12"]
[Round "4"]
[White "Jain, Naveen"]
[Black "San Andres, Emerlinda"]
[Result "1-0"]
[WhiteElo "2076"]
[BlackElo "1573"]
[PlyCount "87"]
[EventDate "2019.04.12"]
[EventType "swiss (blitz)"]
[EventRounds "9"]
[EventCountry "UAE"]
[SourceTitle "CBM 189 Extra"]
[Source "ChessBase"]
[SourceDate "2019.06.03"]
[SourceVersion "1"]
[SourceVersionDate "2019.06.03"]
[SourceQuality "1"]

1. c4 e6 2. g3 Nf6 3. Bg2 d5 4. Nf3 Be7 5. 0-0 0-0 6. b3 Nbd7 7. Bb2 Re8 8. d4 Nf8 9. Ne5 c6 10. Nd2 Rb8 11. e4 dxe4 12. Nxe4 Nxe4 13. Bxe4 Bf6 14. Qc2 Ng6 15. Rad1 Qc7 16. Rfe1 Bd7 17. h4 Kh8 18. Nxf7+ Kg8 19. Bxg6 hxg6 20. Qxg6 Re7 21. Nh6+ Kh8 22. Ng4 Be8 23. Qe4 Qd7 24. Nxf6 gxf6 25. Qf4 Qc7 26. Qxf6+ Rg7 27. d5 Kh7 28. d6 Qf7 29. Qxg7+ Qxg7 30. Bxg7 Kxg7 31. d7 Bh5 32. d8Q Rxd8 33. Rxd8 Kf6 34. f4 b5 35. Rd6 Bg4 36. Rxc6 bxc4 37. bxc4 a5 38. h5 Bxh5 39. Rexe6+ Kf5 40. Re5+ Kg4 41. Kf2 a4 42. Rg5+ Kh3 43. Rxh5+ Kg4 44. Rg5+ 1-0

[Event "Dubai The Arbor blitz op"]
[Site "Dubai"]
[Date "2019.04.12"]
[Round "9"]
[White "San Andres, Emerlinda"]
[Black "Ismail, Basil"]
[Result "1-0"]
[WhiteElo "1573"]
[BlackElo "1272"]
[PlyCount "141"]
[EventDate "2019.04.12"]
[EventType "swiss (blitz)"]
[EventRounds "9"]
[EventCountry "UAE"]
[SourceTitle "CBM 189 Extra"]
[Source "ChessBase"]
[SourceDate "2019.06.03"]
[SourceVersion "1"]
[SourceVersionDate "2019.06.03"]
[SourceQuality "1"]

1. d4 d5 2. c4 e6 3. Nc3 c5 4. e3 cxd4 5. Qxd4 Nc6 6. Qd1 d4 7. exd4 Qxd4 8. Qxd4 Nxd4 9. Bd3 Bb4 10. Bd2 Nf6 11. Nge2 Nxe2 12. Bxe2 0-0 13. 0-0-0 e5 14. a3 Bxc3 15. Bxc3 Ne4 16. Be1 Be6 17. b3 Rad8 18. f3 Nf6 19. Bg3 e4 20. fxe4 Nxe4 21. Rxd8 Rxd8 22. Be1 Nc5 23. Kc2 Bf5+ 24. Kc3 b6 25. Rf1 Bg6 26. Bf2 Ne4+ 27. Kb4 Nxf2 28. Rxf2 Rd2 29. Kc3 Rc2+ 30. Kd4 Rd2+ 31. Ke3 Ra2 32. a4 Ra3 33. Bd1 f5 34. g3 Ra1 35. Kd2 Ra2+ 36. Ke3 Rxf2 37. Kxf2 Kf7 38. Ke3 Ke6 39. Kd4 Kd6 40. Bf3 Be8 41. Bd1 g5 42. Bc2 Bg6 43. Bd3 h5 44. Be2 Bf7 45. b4 Bg6 46. c5+ bxc5+ 47. bxc5+ Kc6 48. Bb5+ Kc7 49. Ke5 Bh7 50. Be2 g4 51. Bd3 Kc6 52. Kd4 a5 53. Bb5+ Kc7 54. Be8 h4 55. gxh4 f4 56. Bh5 g3 57. hxg3 fxg3 58. Bf3 Bc2 59. Bg2 Bxa4 60. h5 Bc2 61. h6 a4 62. Kc3 Bh7 63. Kb4 Kc8 64. Kxa4 Bf5 65. Kb5 Bd3+ 66. Kb6 Bh7 67. c6 Bf5 68. c7 Bh7 69. Bb7+ Kd7 70. c8Q+ Kd6 71. Qc7+ 1-0